"S" Capitals - World Map Sudden Death - Statistics

General Stats
  • This quiz has been taken 230 times
    211 since last reset
  • The average score is 6 of 11
Answers on the Grid
Answers color-coded by a green-red scale on the quiz's grid according to % correct below.
 
Answer Stats
Answer % Correct
Sarajevo, Skopje, Sofia
81%
Stockholm
73%
Saint John's, San Jose, San Salvador, Santo Domingo
70%
Seoul
59%
Singapore, Sri Jayawardenepura Kotte
58%
São Tomé
53%
Sucre
50%
Sanaa
49%
Suva
45%
Santiago
43%
South Tarawa
15%
No matching quizzes found
Score Distribution
Percent of People with Each Score
Percentile by Number Answered
Your Score History
You have not taken this quiz since the last reset